=LDR 00000nam 2200000 4500 =001 INLIS000000000057160 =005 20201204031407 =035 ##$$a 0010-1220000061 =007 ta =008 201204###########################0#ind## =020 ##$$a 978-979-22-9776-8 =082 ##$$a 899.221 3 =084 ##$$a 899.221 3 Sya m =245 1#$$a Monsoon ( Apa maksud setuang air teh ) /$c Syahmedi Dean =300 ##$$a 303 halaman ; $c 21 Cm. =650 #4$$a Fiksi Indonesia =264 ##$$a Jakarta :$b Gramedia Pustaka Utama,$c 2013 =336 ##$$a teks$2 rdacontent =337 ##$$a lain-lain$2 rdamedia =338 ##$$a lain-lain$2 rdacarrier =990 ##$$a 36133613